Score 0/14 Timer 04:00
2 Plays Today
Hint Answer % Correct
OMOTTATomato
98.6%
HCSEEECheese
97.7%
DER EEPRPPRed Pepper
96.2%
CONAB SITBBacon Bits
94.4%
NOONIOnion
91.7%
AHRNC IGSDRSENRanch Dressing
90.5%
HNCICKEChicken
89.2%
Hint Answer % Correct
TCORARCarrot
88.6%
NUREFSWLO EDESSSunflower Seeds
85.4%
AHSIRDRadish
78.3%
CCZINIUHZucchini
76.2%
MOMHUORSMushroom
72.5%
BRNAOZAG NABESGarbanzo Beans
66.1%
CUNOOSTRCroutons
47.3%
Remove Ads.
Support Sporcle.
Get the best of Sporcle when you Go Orange. This ad-free experience offers more features, more stats, and more fun while also helping to support Sporcle. Thank you for becoming a member.

You're not logged in!

Compare scores with friends on all Sporcle quizzes.
OR
Log In

Show Comments

Extras

Top Quizzes Today


Score Distribution

Your Account Isn't Verified!

In order to create a playlist on Sporcle, you need to verify the email address you used during registration. Go to your Sporcle Settings to finish the process.

Report this User

Report this user for behavior that violates our Community Guidelines.

Details: